{"text_format":"3","workbook":"xlsx","n_sheets":7,"sheets":["表3-5 单位工程预算价汇总表","表3-6 分部分项工程计价表","3.1措施项目费汇总表（输出清单项）","表3-13 其他项目计价表","表3-19 规费和税金项目计算表","5.5主要材料价格表","1.1.2综合单价计算表"],"read":"whole","date_system":"1900"}

{"sheet":"表3-5 单位工程预算价汇总表","index":0,"n_rows":22,"n_cols":6,"rows_kept":22,"merged":[[0,0,0,5],[1,0,1,2],[1,4,1,5],[2,2,2,4],[3,2,3,4],[4,2,4,4],[5,2,5,4],[6,2,6,4],[7,2,7,4],[8,2,8,4],[9,2,9,4],[10,2,10,4],[11,2,11,4],[12,2,12,4],[13,2,13,4],[14,2,14,4],[15,2,15,4],[16,2,16,4],[17,2,17,4],[18,2,18,4],[19,2,19,4],[20,2,20,4],[21,2,21,4],[22,2,22,4],[23,2,23,4],[24,2,24,4],[25,2,25,4],[26,2,26,4],[27,2,27,4],[28,2,28,4],[29,2,29,4],[30,2,30,4],[31,2,31,4],[32,2,32,4],[33,2,33,4],[34,2,34,4],[35,2,35,4]]}
["单位工程造价汇总表"]
["工程名称：建筑工程",{"$nulls":3},"第 1 页  共 1 页"]
["序号","费 用 名 称","计 算 基 础",null,null,"金  额（元）"]
["1","分部分项合计","分部分项合计",null,null,120134.42]
["2","措施合计","绿色施工安全防护措施费+其他措施费",null,null,4039.65]
["2.1","绿色施工安全防护措施费","安全及文明施工措施费",null,null,3691.89]
["2.2","其他措施费","其他措施费",null,null,347.76]
["3","其他项目","其他项目合计",null,null,1987.94]
["3.1","暂列金额","暂列金额"]
["3.2","暂估价","暂估价合计"]
["3.3","计日工","计日工"]
["3.4","总承包服务费","总承包服务费"]
["3.5","预算包干费","预算包干费",null,null,1987.94]
["3.6","工程优质费","工程优质费"]
["3.7","概算幅度差","概算幅度差"]
["3.8","索赔费用","索赔费用"]
["3.9","现场签证费用","现场签证费用"]
["3.10","其他费用","其他费用"]
["4","税前工程造价","分部分项合计+措施合计+其他项目",null,null,126162.01]
["5","增值税销项税额","分部分项合计+措施合计+其他项目",null,null,11354.58]
["6","总造价","分部分项合计+措施合计+其他项目+增值税销项税额",null,null,137516.59]
["7","人工费","分部分项人工费+技术措施项目人工费",null,null,28175.65]

{"sheet":"表3-6 分部分项工程计价表","index":1,"n_rows":23,"n_cols":10,"rows_kept":23,"merged":[[0,0,0,9],[1,0,1,5],[1,7,1,9],[2,0,3,0],[2,1,3,1],[2,2,3,2],[2,3,3,3],[2,4,3,4],[2,5,3,7],[2,8,2,9],[4,5,4,7],[5,5,5,7],[6,5,6,7],[7,5,7,7],[8,5,8,7],[9,5,9,7],[10,5,10,7],[11,5,11,7],[12,5,12,7],[13,5,13,7],[14,5,14,7],[15,5,15,7],[16,2,16,3],[16,5,16,7],[17,5,17,7],[18,5,18,7],[19,5,19,7],[20,5,20,7],[21,0,21,8],[22,0,22,8]]}
["分部分项工程计价表"]
["工程名称：建筑工程",{"$nulls":6},"第 1 页  共 1 页"]
["序号","项目编码","项目名称","项目特征描述","计量\n单位","工程数量",null,null,"金额（元）"]
[{"$nulls":8},"综合单价","合价"]
[1,"011605001001","地面砖拆除","1.拆除的基层类型:水泥砂浆\n2.饰面材料种类:地面砖","m2","217.55",null,null,20.99,4566.37]
[2,"011605002001","护栏贴砖拆除","1.拆除的基层类型:水泥砂浆\n2.饰面材料种类:墙面砖","m2","80.77",null,null,31.33,2530.52]
[3,"010103002001","余方弃置","1.废弃料品种:拆除废料\n2.运距:10km","m3","5.97",null,null,91,543.27]
[4,"011204003001","护栏立面砖","1.15厚WP M15水泥砂浆\n2.3厚WP M20水泥砂浆\n3.4厚600*350白色釉面砖","m2","80.77",null,null,130.72,10558.25]
[5,"011103003001","硅PU球场地面","1.面层:5mm厚专业划线漆划线\n2.面层:5mm厚硅PU面层\n3.面层:5mm厚硅PU弹性层\n4.基层:50厚C20细石砼\n5.高纤维布料\n6.防水:2厚高分子聚合物水泥基防水涂料\n7.基层:10厚DS M20水泥砂浆找平\n8.楼面8%稀盐酸清洗","m2","217.55",null,null,309.34,67296.92]
[6,"010607004001","围网","1.材料品种、规格:4.0mm包塑钢丝\n2.边框及立柱型钢品种、规格:φ75*3","m2","185.51",null,null,104.38,19363.53]
[7,"040901008001","植筋","1.材料种类:带肋钢筋φ16","根","184",null,null,20.31,3737.04]
[8,"040303002001","混凝土基础","1.围栏柱基础\n2.混凝土强度等级:C20","m3","0.43",null,null,768.07,330.27]
[9,"011405001001","金属面油漆","1.油漆品种、刷漆遍数:防锈漆二遍\n2.油漆品种、刷漆遍数:墨绿油漆二遍","m2","40.56",null,null,21.16,858.25]
[10,"01B001","移动式不锈钢座位","1.详见设计说明（带防护棚含6座）","张","2",null,null,3500,7000]
[11,"01B002","可移动篮球架","1.篮高3m\n2.详见设计图","个","1",null,null,2800,2800]
[12,"01B003","可移动羽毛球网","1.详见设计图","张","1",null,null,550,550]
[{"$nulls":9},120134.42]
[]
[]
[]
[]
["本页小计",{"$nulls":8},120134.42]
["合  计",{"$nulls":8},120134.42]

{"sheet":"3.1措施项目费汇总表（输出清单项）","index":2,"n_rows":38,"n_cols":8,"rows_kept":38,"merged":[[0,0,0,7],[1,0,1,5],[1,6,1,7],[2,0,2,0],[2,1,2,2],[2,3,2,3],[2,4,2,4],[2,5,2,6],[3,1,3,2],[3,5,3,6],[4,1,4,2],[4,5,4,6],[5,1,5,2],[5,5,5,6],[6,1,6,2],[6,5,6,6],[7,1,7,2],[7,5,7,6],[8,1,8,2],[8,5,8,6],[9,1,9,2],[9,5,9,6],[10,1,10,2],[10,5,10,6],[11,1,11,2],[11,5,11,6],[12,1,12,2],[12,5,12,6],[13,1,13,2],[13,5,13,6],[14,1,14,2],[14,5,14,6],[15,1,15,2],[15,5,15,6],[16,1,16,2],[16,5,16,6],[17,1,17,2],[17,5,17,6],[18,1,18,2],[18,5,18,6],[19,1,19,2],[19,5,19,6],[20,1,20,2],[20,5,20,6],[21,1,21,2],[21,5,21,6],[22,1,22,2],[22,5,22,6],[23,1,23,2],[23,5,23,6],[24,1,24,2],[24,5,24,6],[25,1,25,2],[25,5,25,6],[26,1,26,2],[26,5,26,6],[27,1,27,2],[27,5,27,6],[28,1,28,2],[28,5,28,6],[29,1,29,2],[29,5,29,6],[30,1,30,2],[30,5,30,6],[31,1,31,2],[31,5,31,6],[32,1,32,2],[32,5,32,6],[33,1,33,2],[33,5,33,6],[34,1,34,2],[34,5,34,6],[35,1,35,2],[35,5,35,6],[36,1,36,2],[36,5,36,6],[37,1,37,2],[37,5,37,6]]}
["措施项目费汇总表"]
["工程名称：建筑工程",{"$nulls":5},"第 1 页 共 1 页"]
["编码","名称",null,"单位","数量","单价（元）",null,"合价（元）"]
["1","绿色施工安全防护措施费"]
["1.1","综合脚手架",null,"项",1]
["1.2","靠脚手架安全挡板",null,"项",1]
["1.3","密目式安全网",null,"项",1]
["1.4","围尼龙编织布",null,"项",1]
["1.5","模板的支架",null,"项",1]
["1.6","施工现场围挡和临时占地围挡",null,"项",1]
["1.7","施工围挡照明",null,"项",1]
["1.8","临时钢管架通道",null,"项",1]
["1.9","独立安全防护挡板",null,"项",1]
["1.10","吊装设备基础",null,"项",1]
["1.11","防尘降噪绿色施工防护棚",null,"项",1]
["1.12","施工便道",null,"项",1]
["1.13","样板引路",null,"项",1]
["LSSGCSF00001","绿色施工安全防护措施费",null,"项","RGF+JXF","13%",null,3691.89]
[null,"小计",null,"元",{"$nulls":3},3691.89]
["2","措施其他项目"]
["WMGDZJF00001","文明工地增加费",null,"项","RGF+JXF","0%"]
["011707002001","夜间施工增加费",null,"项",null,"20%"]
["GGCSF0000001","赶工措施费",null,"项","RGF+JXF","0%"]
["QTFY00000001","其他费用",null,"项",1]
["2.5","模板工程",null,"项",1]
["011702001001","基础",null,"m2",6.9,50.4,null,347.76]
["2.6","垂直运输工程",null,"项",1]
["2.7","材料及小型构件二次水平运输",null,"项",1]
["2.8","成品保护工程",null,"项",1]
["2.9","井点降水工程",null,"项",1]
[null,"小计",null,"元",{"$nulls":3},347.76]
[]
[]
[]
[]
[]
[]
[null,"合计",{"$nulls":5},"4039.65"]

{"sheet":"表3-13 其他项目计价表","index":3,"n_rows":31,"n_cols":7,"rows_kept":31,"merged":[[0,0,0,6],[1,0,1,3],[1,5,1,6],[2,3,2,5],[3,3,3,5],[4,3,4,5],[5,3,5,5],[6,3,6,5],[7,3,7,5],[8,3,8,5],[9,3,9,5],[10,3,10,5],[11,3,11,5],[12,3,12,5],[13,3,13,5],[14,3,14,5],[15,3,15,5],[16,3,16,5],[17,3,17,5],[18,3,18,5],[19,3,19,5],[20,3,20,5],[21,3,21,5],[22,3,22,5],[23,3,23,5],[24,3,24,5],[25,3,25,5],[26,3,26,5],[27,3,27,5],[28,3,28,5],[29,3,29,5],[30,0,30,2],[30,3,30,5]]}
["其他项目清单与计价表"]
["工程名称：建筑工程",{"$nulls":4},"第 1 页  共 1 页"]
["序号","项目名称","单位","金额（元）",null,null,"备注"]
["1","暂列金额","项"]
["2","暂估价","项"]
["2.1","材料暂估价","项"]
["2.2","专业工程暂估价","项"]
["3","计日工","项"]
["4","总承包服务费","项"]
["5","预算包干费","项",1987.94,null,null,"按分部分项的人工费与施工机具费之和的 7.00%计算"]
["6","工程优质费","项",{"$nulls":3},"按分部分项的人工费与施工机具费之和为计算基础\n国家级质量奖：12.00%；省级质量奖：7.50%；市级质量奖：4.50%"]
["7","概算幅度差","项",{"$nulls":3},"按分部分项工程费为计算基础\n建筑工程：3.00%；"]
["8","现场签证费用","项"]
["9","索赔费用","项"]
["10","其他费用","项",{"$nulls":3},"按实际发生或经批准的施工方案计算"]
{"$rows_empty":15}
["合    计",null,null,"1987.94",null,null,"-"]

{"sheet":"表3-19 规费和税金项目计算表","index":4,"n_rows":38,"n_cols":7,"rows_kept":38,"merged":[[0,0,0,6],[1,0,1,3],[1,5,1,6],[2,3,2,5],[3,3,3,5],[4,3,4,5],[5,3,5,5],[6,3,6,5],[7,3,7,5],[8,3,8,5],[9,3,9,5],[10,3,10,5],[11,3,11,5],[12,3,12,5],[13,3,13,5],[14,3,14,5],[15,3,15,5],[16,3,16,5],[17,3,17,5],[18,3,18,5],[19,3,19,5],[20,3,20,5],[21,3,21,5],[22,3,22,5],[23,3,23,5],[24,3,24,5],[25,3,25,5],[26,3,26,5],[27,3,27,5],[28,3,28,5],[29,3,29,5],[30,3,30,5],[31,3,31,5],[32,3,32,5],[33,3,33,5],[34,3,34,5],[35,3,35,5],[36,3,36,5],[37,0,37,5]]}
["规费和税金项目清单与计价表"]
["工程名称：建筑工程",{"$nulls":4},"第 1 页  共 1 页"]
["序号","项 目 名 称","计 算 基 础","费率（%）",null,null,"金额（元）"]
["1","增值税销项税额","分部分项合计+措施合计+其他项目","9",null,null,11354.58]
{"$rows_empty":33}
["合计",{"$nulls":5},11354.58]

{"sheet":"5.5主要材料价格表","index":5,"n_rows":74,"n_cols":10,"rows_kept":74,"merged":[[0,0,0,9],[1,0,1,5],[1,7,1,9],[2,5,2,7],[3,5,3,7],[4,5,4,7],[5,5,5,7],[6,5,6,7],[7,5,7,7],[8,5,8,7],[9,5,9,7],[10,5,10,7],[11,5,11,7],[12,5,12,7],[13,5,13,7],[14,5,14,7],[15,5,15,7],[16,5,16,7],[17,5,17,7],[18,5,18,7],[19,5,19,7],[20,5,20,7],[21,5,21,7],[22,5,22,7],[23,5,23,7],[24,5,24,7],[25,5,25,7],[26,5,26,7],[27,5,27,7],[28,5,28,7],[29,5,29,7],[30,5,30,7],[31,5,31,7],[32,5,32,7],[33,5,33,7],[34,5,34,7],[35,5,35,7],[36,5,36,7],[37,5,37,7],[38,0,38,9],[39,0,39,5],[39,7,39,9],[40,5,40,7],[41,5,41,7],[42,5,42,7],[43,5,43,7],[44,5,44,7],[45,5,45,7],[46,5,46,7],[47,5,47,7],[48,5,48,7],[49,5,49,7],[50,5,50,7],[51,5,51,7],[52,5,52,7],[53,5,53,7],[54,5,54,7],[55,5,55,7],[56,5,56,7],[57,5,57,7],[58,5,58,7],[59,5,59,7],[60,5,60,7],[61,5,61,7],[62,5,62,7],[63,5,63,7],[64,5,64,7],[65,5,65,7],[66,5,66,7],[67,5,67,7],[68,5,68,7],[69,5,69,7],[70,5,70,7],[71,5,71,7],[72,5,72,7],[73,5,73,7]]}
["主要材料价格表"]
["工程名称：建筑工程",{"$nulls":6},"第 1 页  共 2 页"]
["序号","材料编码","材料名称","规格","单位","数量",null,null,"市场价\n（元）","市场价合计（元）"]
[1,"01010007","热轧圆盘条","φ10","kg",0.1113,null,null,3.56,0.4]
[2,"01010015","热轧圆盘条","综合","t",0.167,null,null,3629.68,606.16]
[3,"01010040","螺纹钢筋","φ25以内","t",0.0744,null,null,4397.4,327.17]
[4,"01030017","镀锌低碳钢丝","φ4.0","kg",3.5873,null,null,5.75,20.63]
[5,"01030031","镀锌低碳钢丝","φ0.7~1.2","kg",0.1684,null,null,5.72,0.96]
[6,"01030035","镀锌低碳钢丝","φ1.2~2.5","kg",13.9133,null,null,5.75,80]
[7,"01130001","扁钢","综合","t",0.1113,null,null,4589.58,510.82]
[8,"02270070","土工布",null,"m2",0.055,null,null,6.69,0.37]
[9,"03010430","六角螺栓","综合","kg",42.4818,null,null,5.58,237.05]
[10,"03019021","圆钉","50~75","kg",0.8777,null,null,3.54,3.11]
[11,"03135001","低碳钢焊条","综合","kg",0.7006,null,null,6.01,4.21]
[12,"03210080@1","包塑钢丝网","φ4×45×45","m2",194.7855,null,null,15.71,3060.08]
[13,"04010015","复合普通硅酸盐水泥","P.C 32.5","t",0.3095,null,null,448,138.66]
[14,"04010045","白色硅酸盐水泥","32.5","t",0.0081,null,null,823.75,6.67]
[15,"05030080","松杂板枋材",null,"m3",0.0598,null,null,1348.1,80.62]
[16,"05050120","防水胶合板","模板用 18mm","m2",1.035,null,null,33.14,34.3]
[17,"07010025@2","白色釉面砖","600*350","m2",84.0008,null,null,29.44,2472.98]
[18,"13010130","酚醛调和漆",null,"kg",8.3148,null,null,11.77,97.87]
[19,"13050160","聚氨酯面层主剂",null,"kg",339.378,null,null,22.12,7507.04]
[20,"13050170","聚合物水泥防水涂料","JS-II","kg",794.0575,null,null,11.94,9481.05]
[21,"13050280","喷面漆",null,"kg",4.351,null,null,13,56.56]
[22,"13050450","酚醛铁红防锈漆",null,"kg",8.6312,null,null,16.77,144.75]
[23,"13110001","画线漆主剂",null,"kg",2.1755,null,null,38.62,84.02]
[24,"14010030","松节油",null,"kg",4.709,null,null,8.84,41.63]
[25,"14350170","底层硬化剂",null,"kg",267.4908,null,null,11,2942.4]
[26,"14350180","底层主剂",null,"kg",802.542,null,null,23.94,19212.86]
[27,"14350230","防重流添加剂",null,"kg",18.5527,null,null,10.65,197.59]
[28,"14350250","隔离剂",null,"kg",0.69,null,null,7.05,4.86]
[29,"14350290","画线漆硬化剂",null,"kg",2.1755,null,null,38.62,84.02]
[30,"14350390","聚氨酯面层硬化剂",null,"kg",169.689,null,null,17.53,2974.65]
[31,"14350680","稀释剂",null,"kg",69.5725,null,null,16.7,1161.86]
[32,"14410150","单液粘结剂",null,"kg",89.9439,null,null,31.08,2795.46]
[33,"14410480","强力植筋胶",null,"L",1.6192,null,null,85,137.63]
[34,"34090010","白棉纱",null,"kg",0.8077,null,null,11.47,9.26]
[35,"34110010","水",null,"m3",3.2724,null,null,4.58,14.99]
["主要材料价格表"]
["工程名称：建筑工程",{"$nulls":6},"第 2 页  共 2 页"]
["序号","材料编码","材料名称","规格","单位","数量",null,null,"市场价\n（元）","市场价合计（元）"]
[36,"99450760","其他材料费",null,"元",354.95,null,null,1,354.95]
[37,"BCCLF10","可移动篮球架",null,"个",1,null,null,2800,2800]
[38,"BCCLF14","可移动羽毛球网",null,"张",1,null,null,550,550]
[39,"BCCLF15","高纤维布料",null,"m2",217.55,null,null,1.54,335.03]
[40,"BCCLF6","移动式不锈钢座位",null,"张",2,null,null,3500,7000]
[41,"补充材料002","镀锌钢柱","75*3","t",0.3358,null,null,6220,2088.68]
[42,"补充材料003","镀锌钢管","60*3","t",0.5862,null,null,6190,3628.58]
[43,"8021903","普通预拌混凝土","碎石粒径综合考虑 C20","m3",11.5294,null,null,587,6767.76]
[44,"8005908","湿拌抹灰砂浆","一次抹灰厚度≥5mm M15","m3",1.3489,null,null,644,868.69]
[45,"8005909","湿拌抹灰砂浆","一次抹灰厚度≥5mm M20","m3",2.6117,null,null,660,1723.72]
{"$rows_empty":22}
[null,null,"合  计",{"$nulls":6},80650.1]

{"sheet":"1.1.2综合单价计算表","index":6,"n_rows":55,"n_cols":9,"rows_kept":55,"merged":[[0,0,0,8],[1,0,1,5],[1,6,1,8],[2,0,2,0],[2,1,2,1],[2,2,2,3],[2,4,2,4],[2,5,2,6],[2,7,2,7],[3,0,3,0],[3,2,3,3],[3,5,3,6],[4,0,4,0],[4,2,4,3],[4,5,4,6],[5,0,5,0],[5,2,5,3],[5,5,5,6],[6,0,6,0],[6,2,6,3],[6,5,6,6],[7,0,7,0],[7,2,7,3],[7,5,7,6],[8,0,8,0],[8,2,8,3],[8,5,8,6],[9,0,9,0],[9,2,9,3],[9,5,9,6],[10,0,11,0],[10,2,10,3],[10,5,10,6],[11,2,11,3],[11,5,11,6],[12,0,12,0],[12,2,12,3],[12,5,12,6],[13,0,18,0],[13,2,13,3],[13,5,13,6],[14,2,14,3],[14,5,14,6],[15,2,15,3],[15,5,15,6],[16,2,16,3],[16,5,16,6],[17,2,17,3],[17,5,17,6],[18,2,18,3],[18,5,18,6],[19,0,19,0],[19,2,19,3],[19,5,19,6],[20,0,20,0],[20,2,20,3],[20,5,20,6],[21,0,21,8],[22,0,22,5],[22,6,22,8],[23,0,23,0],[23,1,23,1],[23,2,23,3],[23,4,23,4],[23,5,23,6],[23,7,23,7],[24,0,24,0],[24,2,24,3],[24,5,24,6],[25,0,26,0],[25,2,25,3],[25,5,25,6],[26,2,26,3],[26,5,26,6],[27,0,27,0],[27,2,27,3],[27,5,27,6],[28,0,28,0],[28,2,28,3],[28,5,28,6],[29,0,29,0],[29,2,29,3],[29,5,29,6],[30,0,31,0],[30,2,30,3],[30,5,30,6],[31,2,31,3],[31,5,31,6],[32,0,32,0],[32,2,32,3],[32,5,32,6],[33,0,33,0],[33,2,33,3],[33,5,33,6],[34,0,34,0],[34,2,34,3],[34,5,34,6],[35,0,35,0],[35,2,35,3],[35,5,35,6],[36,0,36,0],[36,2,36,3],[36,5,36,6],[37,0,37,0],[37,2,37,3],[37,5,37,6],[38,0,38,0],[38,2,38,3],[38,5,38,6],[39,0,39,0],[39,2,39,3],[39,5,39,6],[40,0,40,0],[40,2,40,3],[40,5,40,6],[41,0,41,0],[41,2,41,3],[41,5,41,6],[42,0,42,0],[42,2,42,3],[42,5,42,6],[43,0,43,0],[43,2,43,3],[43,5,43,6],[44,0,44,0],[44,2,44,3],[44,5,44,6],[45,0,45,0],[45,2,45,3],[45,5,45,6],[46,0,46,0],[46,2,46,3],[46,5,46,6],[47,0,47,0],[47,2,47,3],[47,5,47,6],[48,0,48,0],[48,2,48,3],[48,5,48,6],[49,0,49,0],[49,2,49,3],[49,5,49,6],[50,0,50,0],[50,2,50,3],[50,5,50,6],[51,0,51,0],[51,2,51,3],[51,5,51,6],[52,0,52,0],[52,2,52,3],[52,5,52,6],[53,0,53,0],[53,2,53,3],[53,5,53,6],[54,2,54,3],[54,5,54,6]]}
["综合单价计算表"]
["工程名称：建筑工程",{"$nulls":5},"第 1 页 共 2 页"]
["序号","编码","名称",null,"单位","工程量",null,"综合单价\n（元）","综合合价\n（元）"]
[1,"011605001001","地面砖拆除",null,"m2","217.55",null,20.99,4566.37]
[null,"A1-19-27 R+200","平面块料拆除 块料面层 水泥砂浆结合层 \u007f铲除找平层 人工费+200",null,"100m2",2.1755,null,2099.02,4566.42]
[2,"011605002001","护栏贴砖拆除",null,"m2","80.77",null,31.33,2530.52]
[null,"A1-19-30 R+200","立面块料拆除 陶瓷面砖 水泥砂浆或沥青结合层 \u007f铲除找平层 人工费+200",null,"100m2",0.8077,null,3132.55,2530.16]
[3,"010103002001","余方弃置",null,"m3","5.97",null,91,543.27]
[null,"A1-19-69 换","拆除废料外运 人工装自卸汽车运 3km内 \u007f实际运距(km):10",null,"10m3",0.597,null,910,543.27]
[4,"011204003001","护栏立面砖",null,"m2","80.77",null,130.72,10558.25]
[null,"A1-13-155 换","墙面镶贴陶瓷面砖密缝 1:2水泥砂浆 块料周长1300外 \u007f合并制作子目 湿拌抹灰砂浆 一次抹灰厚度≥5mm M20",null,"100m2",0.8077,null,9597.13,7751.6]
[null,"A1-13-2 换","底层抹灰15mm 各种墙面 外墙 \u007f合并制作子目 湿拌抹灰砂浆 一次抹灰厚度≥5mm M15",null,"100m2",0.8077,null,3475.12,2806.85]
[5,"011103003001","硅PU球场地面",null,"m2","217.55",null,309.34,67296.92]
[null,"A1-12-1 换","楼地面水泥砂浆找平层 混凝土或硬基层上 20mm \u007f实际厚度(mm):10 \u007f合并制作子目 湿拌抹灰砂浆 一次抹灰厚度≥5mm M20",null,"100m2",2.1755,null,1331.41,2896.48]
[null,"A1-10-93 换","聚合物水泥(JS)防水涂料 平面 1.5mm厚 \u007f实际厚度(mm):2",null,"100m2",2.1755,null,5531.53,12033.84]
[null,"补子目5","高纤维布料",null,"m2",217.55,null,1.54,335.03]
[null,"A1-12-9 换","细石混凝土找平层 30mm \u007f实际厚度(mm):50 \u007f合并制作子目 普通预拌混凝土 碎石粒径综合考虑 C20",null,"100m2",2.1755,null,5046.99,10979.73]
[null,"A1-12-116","弹性纯PU球场面层 5mm厚",null,"100m2",2.1755,null,11981.84,26066.49]
[null,"A1-12-117","弹性纯PU球场面层 每增减1mm厚",null,"100m2",6.9616,null,2152.69,14986.17]
[6,"010607004001","围网",null,"m2","185.51",null,104.38,19363.53]
[null,"A1-7-167 换","钢网围墙",null,"10m2",18.551,null,1043.8,19363.53]
["综合单价计算表"]
["工程名称：建筑工程",{"$nulls":5},"第 2 页 共 2 页"]
["序号","编码","名称",null,"单位","工程量",null,"综合单价\n（元）","综合合价\n（元）"]
[7,"040901008001","植筋",null,"根","184",null,20.31,3737.04]
[null,"A1-5-156","植筋 钢筋直径(mm) 16",null,"10根",18.4,null,181.87,3346.41]
[null,"A1-5-106","现浇构件带肋钢筋 φ25以内",null,"t",0.072602,null,5381.87,390.73]
[8,"040303002001","混凝土基础",null,"m3","0.43",null,768.07,330.27]
[null,"借D3-1-4 换","现浇基础 混凝土 \u007f合并制作子目 普通预拌混凝土 碎石粒径综合考虑 C20",null,"10m3",0.043,null,7680.72,330.27]
[9,"011405001001","金属面油漆",null,"m2","40.56",null,21.16,858.25]
[null,"A1-15-124 换","防锈漆 一遍 \u007f实际防锈漆遍数(遍):2",null,"100m2",0.4056,null,1065.12,432.01]
[null,"A1-15-100 换","金属面调和漆 调和漆一遍 \u007f实际遍数(遍):2",null,"100m2",0.4056,null,1051.32,426.42]
[10,"01B001","移动式不锈钢座位",null,"张","2",null,3500,7000]
[null,"补子目2","移动式不锈钢座位",null,"张",2,null,3500,7000]
[11,"01B002","可移动篮球架",null,"个","1",null,2800,2800]
[null,"补子目3","可移动篮球架",null,"个",1,null,2800,2800]
[12,"01B003","可移动羽毛球网",null,"张","1",null,550,550]
[null,"补子目4","可移动羽毛球网",null,"张",1,null,550,550]
{"$rows_empty":16}
[null,null,"合   计",{"$nulls":5},120134.42]